Rules and Syllabus to the Professional Examinations (Record no. 119384)

MARC details
000 -LEADER
fixed length control field 00851cas a22002175a 4500
001 - CONTROL NUMBER
control field L157542
008 - FIXED-LENGTH DATA ELEMENTS--GENERAL INFORMATION
fixed length control field 130115n xxk i eng u
035 ## - SYSTEM CONTROL NUMBER
System control number (Sirsi) u157542
041 0# - LANGUAGE CODE
Language code of text/sound track or separate title eng
110 2# - MAIN ENTRY--CORPORATE NAME
Corporate name or jurisdiction name as entry element Royal Institution of Chartered Surveyors
9 (RLIN) 4900
240 ## - UNIFORM TITLE
Uniform title Rules and Syllabus for the Scottish Professional Examinations
245 00 - TITLE STATEMENT
Title Rules and Syllabus to the Professional Examinations
Remainder of title Scottish Syllabus
260 ## - PUBLICATION, DISTRIBUTION, ETC.
Place of publication, distribution, etc. London
Name of publisher, distributor, etc. RICS
Date of publication, distribution, etc. [19-?]-[19-?]
362 0# - DATES OF PUBLICATION AND/OR SEQUENTIAL DESIGNATION
Dates of publication and/or sequential designation London: 1939-1978
520 ## - SUMMARY, ETC.
Summary, etc. From c. 1955, separate booklets were published for different practice areas, e.g. quantity surveying, general practice etc.
520 ## - SUMMARY, ETC.
Summary, etc. Some copies of syllabuses are also shelved individually in the RICS publications run.
554 ## -
-- Irregular
651 #4 - SUBJECT ADDED ENTRY--GEOGRAPHIC NAME
Geographic name England and Wales
Chronological subdivision 1543-
690 ## - LOCAL SUBJECT ADDED ENTRY--TOPICAL TERM (OCLC, RLIN)
Topical term or geographic name as entry element Business and management
942 ## - ADDED ENTRY ELEMENTS (KOHA)
Suppress in OPAC 0
Holdings
Withdrawn status Lost status Source of classification or shelving scheme Damaged status Not for loan Home library Current library Shelving location Date acquired Total Checkouts Full call number Barcode Date last seen Price effective from Koha item type
    Dewey Decimal Classification     London London Gallery 15/01/2013   RICS - RULES AND SYLLABUS 157542-1001 06/08/2019 06/08/2019 Journal